Public health nursing in the Philippines / (Record no. 17009)
[ view plain ]
| 000 -LEADER | |
|---|---|
| fixed length control field | 01111cam a22003614a 4500 |
| 001 - CONTROL NUMBER | |
| control field | 15119050 |
| 003 - CONTROL NUMBER IDENTIFIER | |
| control field | PILC |
| 005 - DATE AND TIME OF LATEST TRANSACTION | |
| control field | 20151012133746.0 |
| 008 - FIXED-LENGTH DATA ELEMENTS--GENERAL INFORMATION | |
| fixed length control field | 071219s2007 ph a b 000 0 eng |
| 010 ## - LIBRARY OF CONGRESS CONTROL NUMBER | |
| LC control number | 2007316717 |
| 020 ## - INTERNATIONAL STANDARD BOOK NUMBER | |
| International Standard Book Number | 9789719159322 |
| 040 ## - CATALOGING SOURCE | |
| Original cataloging agency | DLC |
| Transcribing agency | DLC |
| Modifying agency | DLC |
| 042 ## - AUTHENTICATION CODE | |
| Authentication code | lcode |
| 043 ## - GEOGRAPHIC AREA CODE | |
| Geographic area code | a-ph--- |
| 050 00 - LIBRARY OF CONGRESS CALL NUMBER | |
| Classification number | RT 97 |
| Item number | .P832 2007 |
| 245 00 - TITLE STATEMENT | |
| Title | Public health nursing in the Philippines / |
| 250 ## - EDITION STATEMENT | |
| Edition statement | 10th edition. |
| 260 ## - PUBLICATION, DISTRIBUTION, ETC. (IMPRINT) | |
| Place of publication, distribution, etc | Manila : |
| Name of publisher, distributor, etc | National League of Philippine Government Nurses, |
| Date of publication, distribution, etc | 2007. |
| 300 ## - PHYSICAL DESCRIPTION | |
| Extent | 390 pages : |
| Other physical details | illustrations ; |
| Dimensions | 24 cm. |
| 500 ## - GENERAL NOTE | |
| General note | Includes bibliographical references. |
| 562 ## - COPY AND VERSION IDENTIFICATION NOTE | |
| Number of copies | For Circulation. 1 copy available in the collection |
| 650 #0 - SUBJECT ADDED ENTRY--TOPICAL TERM | |
| Topical term or geographic name as entry element | Public health nursing |
| Geographic subdivision | Philippines. |
| 650 #0 - SUBJECT ADDED ENTRY--TOPICAL TERM | |
| Topical term or geographic name as entry element | Public health |
| Geographic subdivision | Philippines. |
| 710 2# - ADDED ENTRY--CORPORATE NAME | |
| Corporate name or jurisdiction name as entry element | National League of Philippine Government Nurses. |
| 906 ## - LOCAL DATA ELEMENT F, LDF (RLIN) | |
| a | 7 |
| b | cbc |
| c | origode |
| d | 3 |
| e | ncip |
| f | 20 |
| g | y-gencatlg |
| 942 ## - ADDED ENTRY ELEMENTS (KOHA) | |
| Source of classification or shelving scheme | Library of Congress Classification |
| Koha item type | Books |
| Call number prefix | Local |
| Withdrawn status | Lost status | Source of classification or shelving scheme | Damaged status | Home library | Current library | Shelving location | Date acquired | Source of acquisition | Total Checkouts | Total Renewals | Full call number | Barcode | Date last seen | Date checked out | Copy number | Price effective from | Koha item type | Sub Shelving location | Checked out |
|---|---|---|---|---|---|---|---|---|---|---|---|---|---|---|---|---|---|---|---|
| Library of Congress Classification | Archives | Archives | 12/16/2013 | Donation | 5 | 19 | RT 97 .P8326 2007 | C8379 | 05/15/2018 | 06/27/2016 | 1 | 12/16/2013 | Books | ||||||
| Library of Congress Classification | Archives | Archives | 12/16/2013 | Donation | RT 97 .P8326 2007 | C8383 | 05/15/2018 | 5 | 12/16/2013 | Books | |||||||||
| Library of Congress Classification | Archives | Archives | 10/08/2015 | Donation | RT 97 .P832 2007 | C20144 | 05/15/2018 | 10/08/2015 | Books | ||||||||||
| Library of Congress Classification | Archives | Archives | 10/12/2015 | Donation | RT 97 .P832 2007 | C20177 | 05/08/2018 | 10/12/2015 | Books | ||||||||||
| Library of Congress Classification | College Library | College Library | General Circulation Section | 12/16/2013 | 6 | 9 | RT 97 .P8326 2007 | C8380 | 05/15/2018 | 06/27/2016 | 2 | 12/16/2013 | Books | ||||||
| Library of Congress Classification | College Library | College Library | General Circulation Section | 12/16/2013 | 7 | 33 | RT 97 .P8326 2007 | C8382 | 06/06/2018 | 05/31/2018 | 4 | 12/16/2013 | Books | ||||||
| Library of Congress Classification | College Library | College Library | Filipiniana Section | 08/25/2015 | Donation | 4 | 8 | RT 97 .P832 2007 | C19765 | 11/07/2019 | 11/07/2019 | 08/25/2015 | Books | 11/14/2019 | |||||
| Library of Congress Classification | College Library | College Library | Filipiniana Section | 08/29/2015 | Donation | RT 97 .P832 2007 | C19864 | 05/08/2018 | 08/29/2015 | Books | |||||||||
| Library of Congress Classification | College Library | College Library | General Circulation Section | 08/29/2015 | Donation | 2 | 1 | RT 97 .P832 2007 | C19865 | 07/27/2022 | 06/13/2022 | 08/29/2015 | Books |